| 000 | 00000nam 2200000zi 4500 |
| 001 | 9.935079 |
| 003 | CaOODSP |
| 005 | 20240419110839 |
| 006 | m o d f |
| 007 | cr mn||||||||| |
| 008 | 240307e201906 pica o f000 0 eng d |
| 040 | |aCaOODSP|beng|erda|cCaOODSP |
| 043 | |an-cn--- |
| 045 | |ay1y1 |
| 086 | 1 |aV32-298/2019E-PDF |
| 245 | 00|aEvaluation of the War Veterans Allowance Program / |cAudit and Evaluation Division. |
| 264 | 1|a[Charlottetown, P.E.I.] : |bVeterans Affairs Canada = Anciens combattants Canada, |cJune 2019. |
| 300 | |a1 online resource (i, 14 pages) : |bcolour illustration |
| 336 | |atext|btxt|2rdacontent |
| 337 | |acomputer|bc|2rdamedia |
| 338 | |aonline resource|bcr|2rdacarrier |
| 500 | |aIssued also in French under title: Évaluation du Programme des allocations aux anciens combattants. |
| 610 | 10|aCanada. |bVeterans Affairs Canada|xEvaluation. |
| 650 | 0|aVeterans|xServices for|zCanada|xEvaluation. |
| 650 | 0|aIncome maintenance programs|zCanada|xEvaluation. |
| 710 | 1 |aCanada. |bVeterans Affairs Canada. |bAudit and Evaluation Division, |eissuing body. |
| 775 | 08|tÉvaluation du Programme des allocations aux anciens combattants / |w(CaOODSP)9.937145 |
| 856 | 40|qPDF|s767 KB|uhttps://publications.gc.ca/collections/collection_2024/acc-vac/V32-298-2019-eng.pdf |
| 856 | 4 |qHTML|sN/A|uhttps://www.veterans.gc.ca/en/about-vac/publications-reports/departmental-reports/departmental-audit-evaluation/2019-evaluation-war-veterans-allowance |